Latina humor in the works of Sandra Cisneros
The paper discusses three works written by Sandra Cisneros, namely Woman Hollering Creek, The House on Mango Street and Caramelo, from the point of view of women’s humor. With the help of these works, it is argued that Cisneros uses Latina humor in order to highlight intersectional problems concerni...
Elmentve itt :
| Szerző: | |
|---|---|
| További közreműködők: | |
| Dokumentumtípus: | Cikk |
| Megjelent: |
Universidad de Szeged, Departamento de Estudios Hispánicos
Szeged
2020
|
| Sorozat: | Acta hispanica
|
| Kulcsszavak: | Amerikai irodalom története - 20-21. sz. |
| Tárgyszavak: | |
| doi: | 10.14232/actahisp.2020.0.609-616 |
| Online Access: | http://acta.bibl.u-szeged.hu/71007 |
| LEADER | 01632nab a2200241 i 4500 | ||
|---|---|---|---|
| 001 | acta71007 | ||
| 005 | 20220720111057.0 | ||
| 008 | 210106s2020 hu o 0|| eng d | ||
| 022 | |a 1416-7263 | ||
| 024 | 7 | |a 10.14232/actahisp.2020.0.609-616 |2 doi | |
| 040 | |a SZTE Egyetemi Kiadványok Repozitórium |b hun | ||
| 041 | |a eng | ||
| 100 | 1 | |a Tóth Zsófia Anna | |
| 245 | 1 | 0 | |a Latina humor in the works of Sandra Cisneros |h [elektronikus dokumentum] / |c Tóth Zsófia Anna |
| 260 | |a Universidad de Szeged, Departamento de Estudios Hispánicos |b Szeged |c 2020 | ||
| 300 | |a 609-616 | ||
| 490 | 0 | |a Acta hispanica | |
| 520 | 3 | |a The paper discusses three works written by Sandra Cisneros, namely Woman Hollering Creek, The House on Mango Street and Caramelo, from the point of view of women’s humor. With the help of these works, it is argued that Cisneros uses Latina humor in order to highlight intersectional problems concerning her identity and to reveal important facts and features about/of Latino/a existence. The point is made that Cisneros uses comedy and humor to redeem the pain and suffering through laughter instead of utilizing the tragic mode of artistic expression, hence she is able to secure survival and solutions to problems instead of a tragic wallowing in negativity (which interpretive way could also have validity concerning the occurrences which are narrated). | |
| 650 | 4 | |a Bölcsészettudományok | |
| 650 | 4 | |a Nyelvek és irodalom | |
| 695 | |a Amerikai irodalom története - 20-21. sz. | ||
| 700 | 0 | 1 | |a Cisneros Sandra |
| 856 | 4 | 0 | |u http://acta.bibl.u-szeged.hu/71007/1/hispanica_2020_supl_609-616.pdf |z Dokumentum-elérés |